000 00536nam a2200193 4500
010 _aB-064078
035 _aB-064078
037 _bCen Lib / Ret
040 _aDPL
_bEn
082 _a349.54
_bDES
100 _aDesai, Satyajeet A.
245 _aPrinciples of Hindu law /
_cby Satyajeet A Desai
250 _a18th ed
260 _aNew Delhi
_bButterworths India
_c2001
270 _aButterworths India
_bNew Delhi
300 _a(v1. xli, 999)
_b24cm(Hb)
650 _aHindu law
942 _2ddc
_cEN
_h349.54
_mDES
999 _c136726
_d136726